| 000 | 00000nam##2200000za#4500 |
| 001 | 9.577518 |
| 003 | CaOODSP |
| 005 | 20250806094355 |
| 007 | cr ||||||||||| |
| 008 | 150406|2011||||xxc|||||o f|0| 0 eng|d |
| 040 | |aCaOODSP|beng |
| 043 | |an-cn--- |
| 086 | 1 |aCS82-625/2011001-3E-PDF |
| 245 | 00|aPhysical activity levels of Canadian children and youth, 2007 to 2009 |h[electronic resource] |
| 260 | |aOttawa - Ontario : |bStatistics Canada |cSeptember 2011. |
| 300 | |a5p.|bgraphs |
| 490 | 1 |aHealth fact sheets |
| 590 | |a13-22-Supp|b2013-09-26 |
| 710 | 2 |aStatistics Canada. |
| 775 | 08|tNiveaux d'activité physique des enfants et des jeunes au Canada, 2007 à 2009 |w(CaOODSP)9.606119 |
| 830 | #0|aHealth fact sheets (Statistics Canada)|w(CaOODSP)9.507525 |
| 856 | 40|ahttp://publications.gc.ca|qPDF|s112 KB|uhttps://publications.gc.ca/collections/collection_2013/statcan/82-625-x/82-625-2011001-3-eng.pdf |